Представление документа в формате MARC21

Поле Инд. ПП Название Значение
Тип записи a
Библиографический уровень a
001 Контрольный номер 233745f25991424b8ad5cdd4dd418ab5
005 Дата корректировки 20150615131029.9
020 a ISBN 978-5-8243-1007-8
040 a Служба первич. каталог. РКП
b Код языка каталог. rus
e Правила каталог. PSBO
041 0_ a Код языка текста rus
097 b Оператор batjaeva_g
100 1_ a Автор Пляйс Яков Андреевич
q Полное имя Пляйс Я. А.
245 11 a Заглавие "Современная демократия" - новый концепт "партии власти"
260 a Место издания Москва
b Издательство РОССПЭН
440 _0 a Серия Политология России
504 a Библиография Библиогр. в подстроч. примеч.
520 0_ a Аннотация Автор цитирует мнения и оценки сторонников и противников концепции "суверенной демократии". Представлены итоговые размышления и выводы.
653 0_ a Ключевые слова Суверенная демократия
a Ключевые слова Демократия
a Ключевые слова Государство
a Ключевые слова Власть
a Ключевые слова Политический режим
773 18 w Контрольный № источника RSL-KNO-004243138
t Название источника Демократия в современном мире
d Место и дата издания Москва : РОССПЭН, 2009
g Прочая информация С. 109-122
901 t Тип документа a
920 a Оператор Батя